Convension of scripts: Its nature, history and utilization (Record no. 192863)

MARC details
000 -LEADER
fixed length control field 00388nam a2200145Ia 4500
008 - FIXED-LENGTH DATA ELEMENTS--GENERAL INFORMATION
fixed length control field 230917s9999||||xx |||||||||||||| ||und||
040 ## - CATALOGING SOURCE
-- 44106
Original cataloging agency VIVEKANANDA LIBRARY
041 ## - Language
-- English
082 ## - DDC NUMBER
Classification number 411 W461C
100 ## - MAIN ENTRY--PERSONAL NAME
Personal name Wellisen, Hans H
245 #0 - TITLE STATEMENT
Title Convension of scripts: Its nature, history and utilization
260 ## - PUBLICATION, DISTRIBUTION, ETC. (IMPRINT)
Place of publication, distribution, etc New York
Name of publisher, distributor, etc John Wiley
Date of publication, distribution, etc 1978
300 ## - PHYSICAL DESCRIPTION
Pages xviii, 509 p.
942 ## - ADDED ENTRY ELEMENTS (KOHA)
Koha item type Books
Holdings
Withdrawn status Lost status Damaged status Not for loan Location (home branch) Sublocation or collection (holding branch) Date acquired Koha issues (times borrowed) Koha full call number Accession No. Koha date last seen Koha item type
        VIVEKANANDA LIBRARY VIVEKANANDA LIBRARY 20/11/2002   411 W461C 50374 17/09/2023 Books
© Designed and Maintained by Vivekananda Library, MDU Rohtak